Missing Word: Dystopian Novels Quiz Stats

Quiz Updated Apr 4, 2015

Challenge
Share
Tweet
Embed
Score 0/20 Timer 03:00
0 Plays Today
Book Title Missing Word % Correct
Brave _____ WorldNew
98.9%
A Clockwork _____Orange
96.3%
_____ FarmAnimal
95%
Never _____ Me GoLet
94.5%
The _____ MachineTime
90.5%
Catching _____Fire
72.2%
_____ the DomeUnder
71.5%
The Handmaid's _____Tale
70.1%
Logan's _____Run
69.8%
Do Androids Dream of _____ Sheep?Electric
59.5%
Book Title Missing Word % Correct
_____ AtlasCloud
57.1%
The Martian _____ Chronicles
53.5%
_____ GameEnder's
51.3%
The _____ RunnerMaze
32.5%
The _____ of MenChildren
30.5%
Battle _____Royale
23.5%
The _____ of EmberCity
22.2%
_____ BlueGathering
8.3%
The _____ of the ScorpionHouse
8.2%
The _____ Code TattooBar
6.4%

Today's Daily Dose

You're not logged in!

Compare scores with friends on all Sporcle quizzes.
Join for Free
OR
Log In

You Might Also Like...

Show Comments

Extras

Top Quizzes Today


Score Distribution

Your Account Isn't Verified!

In order to create a playlist on Sporcle, you need to verify the email address you used during registration. Go to your Sporcle Settings to finish the process.

Report this User

Report this user for behavior that violates our Community Guidelines.

Details: